Biología 2 /

Guardado en:
Autor Principal: Santos Lara, Gladys A. dos
Otros Autores: Eijo, Lydia, Calzada de Hauscarriague, Alicia N.
Formato: Libro
Publicado: Buenos Aires : El Ateneo, 1981
Materias:
Etiquetas: Agregar Etiqueta
Sin Etiquetas, Sea el primero en etiquetar este registro!
LEADER 00648nam a22002295a 4500
001 CEM.cems016121
005 20091230144159.0
008 130507s1981##################000#0#####d
003 CEMS
082 0 4 |a 574.5 
100 1 |a Santos Lara, Gladys A. dos 
245 1 0 |a Biología 2 /  |c Gladys A. Dos Santos Lara 
260 |a Buenos Aires :  |b El Ateneo,  |c 1981 
300 |a 327 p. 
653 |a Biología 2do. año 
653 |a Biología 
653 |a Hojas-botánica 
653 |a Raíz 
653 |a Semilla 
700 1 |a Eijo, Lydia 
700 1 |a Calzada de Hauscarriague, Alicia N. 
859 |a CEMS  |b BIB. CEMS - Agricultura  |h 574.5  |i Sa59  |p A12742.83  |t Ej.1  |v 2  |3 2